Caribbean Leader to Country Picture Quiz - Statistics

General Stats
  • This quiz has been taken 14 times
  • The average score is 6 of 16
Answer Stats
Picture Answer % Correct
Cuba
90%
Haiti
80%
Barbados
70%
Jamaica
60%
Grenada
50%
Cuba
30%
Dominican Republic
30%
Haiti
30%
Jamaica
30%
Haiti
20%
Trinidad and Tobago
20%
Trinidad and Tobago
20%
Dominican Republic
10%
Grenada
10%
Guyana
10%
Guyana
10%
No matching quizzes found
Score Distribution
Percent of People with Each Score
Percentile by Number Answered
Your Score History
You have not taken this quiz